000 00523nam a2200145Ia 4500
008 231129s2012||||xx |||||||||||||| ||spa||
020 _a978-958-722-160-2
040 _bspa
082 _aCo861 R763e
100 _aRomero Guzmán Nelson
245 0 _aEl espacio imaginario en la poesí­a de Carlos Obregón
260 _c2012
264 _aGráficas Olí­mpica; Universidad Tecnológica de Pereira. Facultad de Bellas Artes y Humanidades. Maestrí­a en Literatura
942 _2ddc
_cBKS
999 _c10999
_d10999